[Event "NRW U18 op"]
[Site "Olpe"]
[Date "2005.10.03"]
[Round "6.32"]
[White "Dandoerfer, Artur"]
[Black "Soelbrandt, Robin"]
[Result "0-1"]
[WhiteElo "1450"]
[BlackElo "1207"]
[PlyCount "36"]
[EventDate "2005.10.01"]
[EventType "swiss"]
[EventRounds "7"]
[EventCountry "GER"]
[SourceTitle "CBM 108 Extra"]
[Source "ChessBase"]
[SourceDate "2005.11.04"]
[SourceVersion "1"]
[SourceVersionDate "2005.11.04"]
[SourceQuality "1"]

1. e4 e5 2. Nf3 Nf6 3. Nxe5 d6 4. Nf3 Nxe4 5. d4 d5 6. Bd3 Bf5 7. Bf4 Bd6 8. Bxd6 Nxd6 9. 0-0 0-0 10. c3 Bxd3 11. Qxd3 Nd7 12. Nbd2 Nf6 13. Rfe1 Nde4 14. Nxe4 dxe4 15. Rxe4 Nxe4 16. Qxe4 Re8 17. Qd3 Qd6 18. Ne5 Rxe5 0-1

[Event "GER-chT U16"]
[Site "Dittrichshuette"]
[Date "2004.12.27"]
[Round "1"]
[White "Strathoff, Martin"]
[Black "Dandoerfer, Artur"]
[Result "1-0"]
[WhiteElo "1937"]
[BlackElo "1408"]
[PlyCount "57"]
[EventDate "2004.12.27"]
[EventType "team"]
[EventRounds "6"]
[EventCountry "GER"]
[SourceTitle "EXT 2006"]
[Source "ChessBase"]
[SourceDate "2005.11.24"]
[SourceVersion "1"]
[SourceVersionDate "2005.11.24"]
[SourceQuality "1"]

1. d4 d5 2. Nf3 Nf6 3. c4 e6 4. Nc3 c6 5. Bg5 Bb4 6. Qc2 Nbd7 7. e3 0-0 8. cxd5 exd5 9. Bd3 h6 10. Bh4 Re8 11. 0-0 Bd6 12. Rac1 Qe7 13. e4 dxe4 14. Nxe4 g5 15. Nxd6 Qxd6 16. Bg3 Qf8 17. Bc4 Nb6 18. Qg6+ Qg7 19. Bxf7+ Kh8 20. Bxe8 Qxg6 21. Bxg6 Be6 22. Rfe1 Bxa2 23. Re7 Rg8 24. Bf5 Rg7 25. Ne5 Nbd5 26. Nf7+ Kg8 27. Nxh6+ Kf8 28. Re6 Ne7 29. Rxf6+ 1-0

[Event "GER-chT U12"]
[Site "Verden an der Aller"]
[Date "2002.12.27"]
[Round "1.3"]
[White "Sennholz, Michael"]
[Black "Dandoerfer, Artur"]
[Result "0-1"]
[WhiteElo "1246"]
[BlackElo "1089"]
[PlyCount "32"]
[EventDate "2002.12.27"]
[EventType "team-tourn"]
[EventRounds "7"]
[EventCountry "GER"]
[SourceTitle "CBM 092 Extra"]
[Source "ChessBase"]
[SourceDate "2003.03.07"]
[SourceVersion "1"]
[SourceVersionDate "2003.03.07"]
[SourceQuality "1"]

1. e4 e5 2. Nf3 Nc6 3. d4 exd4 4. Nxd4 Nf6 5. Nxc6 bxc6 6. Nc3 Bb4 7. Qd4 Bxc3+ 8. Qxc3 h6 9. f4 0-0 10. Be2 Nxe4 11. Qd4 Re8 12. g4 Qh4+ 13. Kf1 Ng3+ 14. Kg2 Nxh1 15. Bd3 Qxg4+ 16. Kf1 Qf3+ 0-1